000
00290nam a2200121Ia 4500
008
220204s9999 xx 000 0 und d
082
_b
FLE
100
_a
Flecher
245
0
_a
Herbicides and plant growth regulators
260
_a
New York
_b
Granda
_c
1982
700
_a
Kirkwood
942
_c
BK
999
_c
37321
_d
37321